| 000 | 00342nam a22001457a 4500 | ||
|---|---|---|---|
| 020 | _a188775247-1 | ||
| 082 |
_a200 _bWIN/U |
||
| 100 | _aWINTER, T J | ||
| 100 | _aWILLIAM JOHN A | ||
| 245 | _aUNDERSTANDING ISLAM AND THE MUSLIMS | ||
| 260 |
_aKENTUCKY _bFONS VITAE _c2002 |
||
| 300 | _a96 | ||
| 650 |
_aRELIGIOUS _zUNITED STATES |
||
| 942 | _cBK | ||
| 999 |
_c5184 _d5184 |
||